00635nam a2200193Ia 4500003000400000008004100004040001600045082001900061100002300080245003800103260004300141300000700184650001500191650001000206942001200216999001700228952009800245952009800343GCL140319s9999    xx            000 0 eng d  aGCL / cGCL04aCHb028.5bL B1 aLIBRAIRIE DU LIBAN10aTHE RIVERS / cLIBRAIRIE DU LIBAN  a[S.N] : bLIBRAIRIE DU LIBAN ، c1991  a3204aLITERATURE04aEARTH  2ddccBK  c17372d17372  00104070aCAIbCAId2014-03-26l0oCH\028.5\L Bp31437r2014-03-26 00:00:00w2014-03-26yBK  00104070aCAIbCAId2014-03-26l0oCH\028.5\L Bp31438r2014-03-26 00:00:00w2014-03-26yBK